[Event "TUR-chT Superleague 2018"]
[Site "Ankara"]
[Date "2018.07.30"]
[Round "7"]
[White "Ali Marandi, Cemil Can"]
[Black "Kravtsiv, Martyn"]
[Result "1/2-1/2"]
[WhiteElo "2540"]
[BlackElo "2654"]
[Annotator "TA"]
[PlyCount "86"]
[EventDate "2018.07.25"]
[EventType "team-tourn"]
[EventCountry "TUR"]
[SourceTitle "playchess.com"]
[Source "ChessBase"]
[SourceQuality "1"]

{[%evp 31,86,-10,-7,-7,0,0,0,0,2,2,2,0,2,0,0,0,0,0,0,-7,0,-9,-9,-16,0,-17,-18,-39,-21,-21,-6,-20,0,0,0,0,0,0,0,0,0,0,0,0,0,0,0,0,0,0,0,0,0,0,0,0,0]} 1. e4 e5 2. Nf3 Nc6 3. Nc3 Nf6 4. d4 exd4 5. Nxd4 Bb4 6. Nxc6 bxc6 7. Bd3 O-O 8. O-O d5 9. exd5 cxd5 10. Bg5 c6 11. Qf3 Rb8 12. Ne2 {C47: Scotch Four Knights and Four Knights with 4 g3} Bg4 13. Bxf6 Bxf3 14. Bxd8 Bxe2 15. Bxe2 Rfxd8 16. Rfd1 Be7 {LiveBook: 4 Games} 17. Rab1 Bf6 18. b3 Bc3 (18... Kf8 19. c4 dxc4 20. Bxc4 Rxd1+ 21. Rxd1 {½-½ (30) Kuzubov,Y (2646)-Kravtsiv,M (2657) Kocaeli 2017}) 19. Rd3 d4 20. Rf3 $146 g6 21. Bc4 Rb7 22. Rd1 {[#] And now Rxc3! would win.} Re8 23. g3 Kg7 24. Kg2 Re5 25. a4 c5 26. Bd3 Rbe7 27. Bc4 Ba5 28. h3 h5 29. Kf1 f5 30. Kg2 {The position is equal.} Kh6 31. Bd3 Kg5 32. g4 hxg4 33. hxg4 fxg4 34. Rf8 Be1 35. Kf1 Bb4 {[#] aiming for ...c4!} 36. Kg2 Rh7 {Hoping for ...c4!} 37. Rg8 Re6 $1 38. Rf1 Rh4 39. f4+ gxf3+ $1 40. Rxf3 Rg4+ 41. Kh3 Rh4+ 42. Kg2 Rg4+ 43. Kh3 Rh4+ {Precision: White = 62%, Black = 50%.} 1/2-1/2

[Event "TUR-chT Superleague 2018"]
[Site "Ankara"]
[Date "2018.07.30"]
[Round "7"]
[White "Muzychuk, Mariya"]
[Black "Nechaeva, Marina"]
[Result "1-0"]
[WhiteElo "2521"]
[BlackElo "2410"]
[Annotator "ChessBase"]
[PlyCount "137"]
[EventDate "2018.07.25"]
[EventType "team-tourn"]
[EventCountry "TUR"]
[SourceTitle "playchess.com"]
[Source "ChessBase"]
[SourceQuality "1"]
[TimeControl "40/5400+30:1800+30"]

1. d4 d5 2. c4 c6 3. Nc3 Nf6 4. cxd5 cxd5 5. Bf4 Nc6 6. e3 Bg4 7. Qb3 Na5 8. Qa4+ Bd7 9. Qc2 e6 10. Bd3 Be7 11. h3 Rc8 12. Nf3 Nc4 13. O-O b5 14. a3 O-O 15. Ne5 a6 16. Rfc1 Bc6 17. Qe2 Nxe5 18. Bxe5 Bb7 19. Rc2 Nd7 20. Bf4 Nb6 21. a4 b4 22. Nb1 a5 23. b3 Bd6 24. Bxd6 Qxd6 25. Raa2 {[%emt 0:42:30]} g6 {[%emt 1:14:00]} 26. Rxc8 {[%emt 0:08:30]} Rxc8 {[%emt 0:00:30]} 27. Rc2 {[%emt 0:00:30]} Rxc2 {[%emt 0:00:30]} 28. Qxc2 {[%emt 0:00:00]} Qc6 {[%emt 0:00:30]} 29. Qxc6 {[%emt 0:01:00]} Bxc6 {[%emt 0:00:30]} 30. Nd2 {[%emt 0:00:00]} g5 {[%emt 0:03:30]} 31. g4 {[%emt 0:03:00]} h6 {[%emt 0:00:30]} 32. f4 {[%emt 0:04:30]} f6 {[%emt 0:00:00]} 33. Kf2 {[%emt 0:00:30]} Kf7 {[%emt 0:00:00]} 34. Kg3 {[%emt 0:00:30]} Ke7 {[%emt 0:05:30]} 35. h4 {[%emt 0:00:30]} Bxa4 {[%emt 0:11:46]} 36. bxa4 {[%emt 0:13:30]} Nxa4 {[%emt 0:00:02]} 37. hxg5 {[%emt 0:06:30]} hxg5 {[%emt 0:00:03]} 38. Nb3 {[%emt 0:03:30]} Nb2 {[%emt 0:00:04]} 39. Bc2 {[%emt 0:18:25]} Nc4 {[%emt 0:00:11]} 40. Kf2 {[%emt 0:01:19]} a4 {[%emt 0:00:54]} 41. Nc5 {[%emt 0:00:46]} a3 {[%emt 0:15:30]} 42. Bb3 {[%emt 0:03:30]} Kd6 {[%emt 0:00:00]} 43. Ke2 {[%emt 0:14:10]} Na5 {[%emt 0:00:00]} 44. Ba2 {[%emt 0:04:12]} e5 {[%emt 0:12:51]} 45. Nb3 {[%emt 0:02:35]} Nc6 {[%emt 0:00:53]} 46. dxe5+ {[%emt 0:01:52]} fxe5 {[%emt 0:00:30]} 47. fxg5 {[%emt 0:00:00]} Ke7 {[%emt 0:00:00]} 48. Nc5 {[%emt 0:03:36]} d4 {[%emt 0:00:31]} 49. e4 {[%emt 0:01:41]} b3 {[%emt 0:01:56]} 50. Bxb3 {[%emt 0:01:48]} Nb4 {[%emt 0:00:03]} 51. Nd3 {[%emt 0:02:18]} a2 {[%emt 0:00:24]} 52. Bxa2 {[%emt 0:00:34]} Nxa2 {[%emt 0:00:30]} 53. Nxe5 {[%emt 0:00:00]} Nb4 {[%emt 0:00:00]} 54. Nf3 {[%emt 0:00:00]} Nc6 {[%emt 0:00:33]} 55. Kd3 {[%emt 0:00:27]} Kf7 {[%emt 0:00:04]} 56. e5 {[%emt 0:00:32]} Ke7 {[%emt 0:02:50]} 57. Ke4 {[%emt 0:00:10]} d3 {[%emt 0:01:19]} 58. Kxd3 {[%emt 0:00:40]} Nd8 {[%emt 0:00:07]} 59. Ke4 {[%emt 0:00:16]} Ne6 {[%emt 0:00:09]} 60. g6 {[%emt 0:00:05]} Nc5+ {[%emt 0:00:25]} 61. Kf4 {[%emt 0:01:05]} Kf8 {[%emt 0:00:37]} 62. Kf5 {[%emt 0:00:19]} Nd3 {[%emt 0:00:47]} 63. e6 {[%emt 0:01:48]} Nb4 {[%emt 0:00:13]} 64. Ke5 {[%emt 0:00:24]} Nc6+ {[%emt 0:00:34]} 65. Kd6 {[%emt 0:01:02]} Ne7 {[%emt 0:00:03]} 66. g7+ {[%emt 0:00:40]} Ke8 {[%emt 0:00:07]} 67. Nd4 {[%emt 0:00:31]} Nc8+ {[%emt 0:00:23]} 68. Ke5 {[%emt 0:00:19]} Ne7 {[%emt 0:00:03]} 69. Nf5 {[%emt 0:00:30]} 1-0

[Event "TUR-chT Superleague 2018"]
[Site "Ankara"]
[Date "2018.07.30"]
[Round "7"]
[White "Benidze, Davit"]
[Black "Sanal, Vahap"]
[Result "1/2-1/2"]
[WhiteElo "2487"]
[BlackElo "2515"]
[Annotator "TA"]
[PlyCount "72"]
[EventDate "2018.07.25"]
[EventType "team-tourn"]
[EventCountry "TUR"]
[SourceTitle "playchess.com"]
[Source "ChessBase"]
[SourceQuality "1"]

{[%evp 21,72,-57,-42,-43,-45,-51,-45,-42,-49,-50,-44,-47,-50,-65,-56,-45,0,0,4,4,5,5,10,10,10,10,10,2,2,0,10,10,10,10,10,10,10,10,10,10,10,10,27,40,30,34,85,64,65,37,45,34,47]} 1. Nf3 Nf6 2. g3 c5 3. Bg2 Nc6 4. O-O e5 5. c4 d5 6. cxd5 Nxd5 7. Nc3 Be6 8. Ng5 Qxg5 {A30: Englische Eröffnung (Symmetrische Variante)} 9. Nxd5 Qd8 10. Nc3 (10. Ne3 Rc8 11. b3 Be7 12. Bb2 f6 13. f4 exf4 14. gxf4 Qd7 15. Qe1 Nd4 16. Qf2 {½-½ (54) Meier,G (2630)-Karjakin,S (2783) chess.com INT 2017}) 10... Be7 11. d3 Qd7 {LiveBook: 3 Partien} 12. Qa4 Rc8 13. Be3 b6 14. a3 $146 ({Vorgänger:} 14. Rfc1 O-O 15. Qd1 Nd4 16. Ne4 {1-0 (33) Havas,J (2059)-Bozinovic,B (2209) Sibenik 2015}) 14... O-O 15. b4 Nd4 {[#] ...Sxe2+! ist eine echte Drohung.} 16. Qxd7 Bxd7 17. Rfb1 Be6 {Weiss muss nun ...cxb4 beachten.} 18. Bxd4 exd4 19. Nb5 Bd7 20. bxc5 {Droht c6 und aus.} Bxb5 $1 21. Rxb5 Bxc5 22. a4 Rfe8 23. Rb2 a5 24. Bh3 Rc7 25. Rc2 g6 26. Bg2 f5 27. Bf3 Rce7 28. Kg2 Kg7 29. h3 Kf6 30. Rb1 Re5 31. Rc4 Rxe2 32. Bxe2 Rxe2 33. Rcc1 Rd2 {[#]} (33... h5 $1 $14) 34. Rd1 $1 $16 {[%cal Rd1d2]} Rc2 {Weiß steht etwas besser.} 35. Kf1 Ke6 36. Rdc1 Ra2 {Precision: Weiß = 75%, Schwarz = 57%.} 1/2-1/2

[Event "TUR-chT Superleague 2018"]
[Site "Ankara"]
[Date "2018.07.30"]
[Round "7"]
[White "Asadli, Vugar"]
[Black "Sari, Yasin"]
[Result "1-0"]
[WhiteElo "2478"]
[BlackElo "2330"]
[Annotator "TA"]
[PlyCount "197"]
[EventDate "2018.07.25"]
[EventType "team-tourn"]
[EventCountry "TUR"]
[SourceTitle "playchess.com"]
[Source "ChessBase"]
[SourceQuality "1"]

{[%evp 18,197,11,11,14,-12,28,20,41,15,22,26,25,18,18,24,10,8,12,7,0,0,10,-23,0,-12,18,0,24,21,30,31,33,32,49,53,48,0,0,0,35,32,46,0,0,0,0,0,22,47,48,0,0,0,73,0,0,0,0,0,0,0,0,0,0,0,0,0,0,0,0,0,0,0,8,0,8,-84,87,100,157,156,149,142,142,145,164,164,168,164,164,162,157,157,157,154,156,150,7903,6958,5704,5704,4356,5102,4312,1956,1956,1942,1806,148,1299,1016,29954,29959,29978,29978,29978,29941,29952,29953,29961,29959,29975,29961,29972,29960,29966,29967,29967,29965,29957,29963,29968,12386,29962,29962,29960,29961,29960,29957,29958,29959,29960,29961,29961,29961,29960,29961,29952,29958,29976,29978,29978,29978,29979,29980,29980,29981,29980,29981,29983,29984,29984,29982,29982,29982,29982,29983,29983,29984,29984,29985,29985,29986,29986,29987,29987,29988,29988,29989,29989,29990]} 1. Nf3 d5 2. g3 Nf6 3. Bg2 Bf5 4. O-O e6 5. b3 Be7 6. Bb2 O-O 7. d3 h6 8. Nbd2 Nbd7 9. Qe1 Bh7 {A07: Réti Opening: New York and Capablanca Systems} 10. e4 {LiveBook: 8 Games} a5 11. a3 c5 $146 {The position is equal.} ({Predecessor:} 11... dxe4 12. dxe4 a4 13. b4 c5 14. b5 c4 15. e5 Nd5 16. Nxc4 Bxc2 {0-1 (67) Chibukhchian,A (2500)-Gvetadze,S (2330) Jermuk 2011}) 12. a4 Rc8 13. Ne5 Nxe5 14. Bxe5 Nd7 15. Bb2 (15. exd5 Nxe5 16. Qxe5 Bf6 $17) 15... Bf6 16. Bxf6 Nxf6 17. Qe2 Qb6 18. Kh1 Qb4 19. Rad1 Qc3 20. Nb1 Qb4 {[%cal Rd5e4]} 21. f3 Nd7 22. Qd2 Nb6 23. Nc3 c4 24. bxc4 {Black must now prevent Rb1.} Nxa4 25. Nxa4 Qxa4 26. Ra1 Qb4 27. c3 Qc5 28. Rfb1 dxc4 29. d4 Qc7 30. Qb2 f5 $1 31. exf5 Bxf5 32. Re1 b5 33. Qxb5 Rb8 34. Qc5 Qxc5 35. dxc5 Rb3 (35... Rb5 $1 $11) 36. Rec1 ({White should play} 36. Rxa5 $16 {And now c6 would win.} Rxc3 37. c6) 36... Rb5 $11 37. c6 e5 38. f4 exf4 39. gxf4 Kf7 40. Rd1 Bd3 41. Re1 Re8 42. Kg1 Rxe1+ 43. Rxe1 {[%mdl 4096] Endgame KRB-KRB} a4 44. Ra1 Bc2 45. Kf2 Ke7 46. Ke3 Kd6 47. Kd4 (47. Ra2 $11 {remains equal.} Bf5 48. Rxa4) 47... Bb3 $2 (47... Rf5 $17 {and life is bright.} 48. Ke3 Rf7) 48. Be4 $16 Ra5 (48... Rh5 $142) 49. Rg1 g5 50. fxg5 $1 Rxg5 51. Rf1 a3 52. Rf6+ Ke7 {[#]} (52... Kc7 $2 53. Rf7+ Kd8 54. Bf5 $18) 53. c7 $3 {[%mdl 512]} Rg8 54. Ra6 $1 (54. Rxh6 Rc8 $11) 54... Rc8 {White should prevent ...a2.} 55. Rxa3 Rxc7 56. Ra6 h5 57. Rh6 Bd1 $2 (57... Rd7+ $16 58. Bd5 Bd1 59. Rh7+ (59. Kxc4 Bb3+ 60. Kxb3 Rxd5 $16) 59... Ke8 60. Rh8+ Ke7 61. Rh7+ (61. Kxc4 Kf6 $18) 61... Kd8 62. Rxd7+ Kxd7 63. Bxc4 (63. Kxc4 Kd6 $16) 63... h4) 58. Rh7+ $1 $18 Kd6 59. Rxc7 $1 Kxc7 {KB-KB} 60. h4 $1 Kd6 {[#]} 61. Bd5 $1 {[%cal Rd5c4]} Ke7 62. Ke5 Be2 63. Kf5 $2 (63. Bg8 $18 {is more deadly.} Kf8 64. Bd5) 63... Kd6 $2 {[%mdl 8192]} (63... Bd3+ $16 64. Ke5 Be2) 64. Bf7 Bg4+ 65. Kg5 Be2 66. Bxh5 Bd3 67. Bg6 Ke7 {[#]} 68. Bf5 $1 Kf7 69. Kf4 Bf1 70. Ke3 Kf6 71. Bg4 Kg6 72. Be2 Bh3 73. Kf4 Be6 74. Ke5 Bc8 75. Bd1 (75. Bxc4 $142 Kh6 76. Bd3 Kg7 77. Kd4 Be6 78. Be4 Kh6 79. Bd5 Bd7 80. c4) 75... Kh6 76. Kd5 {White mates.} Ba6 77. Kc5 Kg6 78. Bg4 Bb7 79. Kxc4 Ba6+ 80. Kd4 Bf1 81. Ke3 Bc4 82. Be2 Ba2 83. Kd4 Kh6 84. Bc4 Bb1 85. Bd5 Kh5 86. c4 Bf5 87. c5 Bd7 88. Ke5 ({Worse is} 88. c6 Bxc6 89. Bxc6 Kxh4 $11) 88... Kxh4 89. Kd6 Ba4 90. Bc6 Bd1 91. Bd7 Bf3 92. Be6 Kg5 93. Bd5 Bg4 94. c6 {[%cal Bc5c6,Bc6c7][%mdl 32]} Kf6 95. c7 Bf5 96. Bc6 Bc8 97. Bd7 Ba6 98. Kc6 Ke7 99. Bh3 {Precision: White = 63%, Black = 41%.} 1-0

[Event "TUR-chT Superleague 2018"]
[Site "Ankara"]
[Date "2018.07.30"]
[Round "7"]
[White "Atalik, Ekaterina"]
[Black "Buksa, Nataliya"]
[Result "1/2-1/2"]
[WhiteElo "2461"]
[BlackElo "2337"]
[Annotator "TA"]
[PlyCount "73"]
[EventDate "2018.07.25"]
[EventType "team-tourn"]
[EventCountry "TUR"]
[SourceTitle "playchess.com"]
[Source "ChessBase"]
[SourceQuality "1"]

{[%evp 16,73,25,6,60,65,65,45,52,17,26,20,19,14,26,12,11,0,8,-7,-7,-7,0,0,0,2,8,0,0,-15,-25,-14,-21,-16,11,8,6,0,0,0,0,0,0,0,0,0,0,0,0,0,0,0,0,0,0,0,0,0,0,0]} 1. d4 d5 2. c4 e6 3. Nc3 Nf6 4. cxd5 exd5 5. Bg5 c6 6. e3 Be7 7. Bd3 Nbd7 8. h3 {D35: Damengambit (Abtauschvariante)} Nf8 9. Nf3 {LiveBook: 8 Partien} Nh5 $146 (9... Ne6 $11) ({Vorgänger:} 9... Ne6 10. Bh4 g6 11. Rb1 a5 12. O-O Ng7 13. a3 Bf5 14. b4 axb4 15. axb4 O-O {1-0 (39) Wojtaszek,R (2749)-Fridman,D (2596) Tallinn 2016}) 10. Bxe7 $14 {Weiß steht etwas besser.} Qxe7 11. Qe2 g6 12. O-O-O Be6 13. Kb1 Nd7 14. g4 Ng7 15. Nd2 O-O-O 16. Rc1 Kb8 17. Na4 h5 18. Nb3 hxg4 19. hxg4 Rxh1 20. Rxh1 Ne8 21. Nac5 Nxc5 22. dxc5 Nf6 23. f3 Bc8 {Die Stellung ist ausgeglichen.} 24. Qh2+ Qc7 25. Qxc7+ Kxc7 26. Kc2 b6 27. g5 Nd7 28. cxb6+ axb6 29. Rh7 Rf8 30. Nd4 Kd6 31. f4 Nc5 32. Nf3 Be6 33. a3 Rb8 34. Ne5 Rf8 35. Nf3 Bg4 36. Ne5 Be6 $1 37. Nf3 {Precision: Weiß = 43%, Schwarz = 76%.} 1/2-1/2

[Event "TUR-chT Superleague 2018"]
[Site "Ankara"]
[Date "2018.07.30"]
[Round "7"]
[White "Erdogdu, Mert"]
[Black "Demirel, Ali Yagmur"]
[Result "1-0"]
[WhiteElo "2411"]
[BlackElo "1719"]
[Annotator "NA"]
[PlyCount "59"]
[EventDate "2018.07.25"]
[EventType "team-tourn"]
[EventCountry "TUR"]
[SourceTitle "playchess.com"]
[Source "ChessBase"]
[SourceQuality "1"]
[TimeControl "40/5400+30:1800+30"]

1. e4 c5 2. Nf3 d6 3. d4 cxd4 4. Nxd4 e6 5. Nc3 a6 6. Be3 Nd7 7. g4 b5 8. Bg2 Bb7 9. a3 Rc8 10. Qe2 Qc7 11. O-O Ne5 12. h3 Nf6 13. Kh1 Nc4 14. Bc1 Qc5 15. Nb3 Qa7 16. Nd2 {[%emt 0:59:00]} Be7 {[%emt 0:56:30]} 17. Nxc4 {[%emt 0:01:30]} Rxc4 {[%emt 0:01:30]} 18. a4 {[%emt 0:01:30]} Qc5 {[%emt 0:04:30]} 19. axb5 {[%emt 0:05:30]} axb5 {[%emt 0:00:00]} 20. g5 {[%emt 0:02:30]} Nd7 {[%emt 0:01:00]} 21. Be3 {[%emt 0:00:30]} Qc6 {[%emt 0:02:30]} 22. Ra7 {[%emt 0:04:30]} O-O {[%emt 0:00:30]} 23. Rc1 {[%emt 0:05:30]} Rc8 {[%emt 0:02:30]} 24. Nb1 {[%emt 0:12:06]} Nc5 {[%emt 0:04:30]} 25. Na3 {[%emt 0:01:51]} Nxe4 {[%emt 0:09:50]} 26. Nxc4 {[%emt 0:01:55]} bxc4 {[%emt 0:00:13]} 27. Qg4 {[%emt 0:01:29]} d5 {[%emt 0:00:37]} 28. Bxe4 {[%emt 0:01:17]} dxe4 {[%emt 0:00:20]} 29. Rd1 {[%emt 0:00:12]} Bd6 {[%emt 0:00:30]} 30. Rxd6 {[%emt 0:00:47]} 1-0

[Event "TUR-chT Superleague 2018"]
[Site "Ankara"]
[Date "2018.07.30"]
[Round "7"]
[White "Badelka, Olga"]
[Black "Ozturk, Kubra"]
[Result "1/2-1/2"]
[WhiteElo "2407"]
[BlackElo "2330"]
[Annotator "NA"]
[PlyCount "114"]
[EventDate "2018.07.25"]
[EventType "team-tourn"]
[EventCountry "TUR"]
[SourceTitle "playchess.com"]
[Source "ChessBase"]
[SourceQuality "1"]
[TimeControl "40/5400+30:1800+30"]

1. c4 e6 2. Nf3 d5 3. b3 Nf6 4. Bb2 c5 5. e3 Nc6 6. cxd5 exd5 7. Be2 Be7 8. O-O O-O 9. d4 cxd4 10. Nxd4 Ne4 11. Nxc6 bxc6 12. Nd2 Bf5 13. Rc1 Qd6 14. Nxe4 Bxe4 15. Bd3 f5 16. f3 Bxd3 17. Qxd3 Bf6 18. Bd4 Bxd4 19. Qxd4 Qf6 {[%emt 1:12:00]} 20. Rc3 {[%emt 0:44:00]} Rae8 {[%emt 0:05:30]} 21. Qxf6 {[%emt 0:00:30]} Rxf6 {[%emt 0:00:30]} 22. Rfc1 {[%emt 0:00:30]} Rfe6 {[%emt 0:03:30]} 23. Rxc6 {[%emt 0:02:30]} Rxe3 {[%emt 0:00:30]} 24. Rc8 {[%emt 0:04:30]} d4 {[%emt 0:05:05]} 25. Rxe8+ {[%emt 0:05:30]} Rxe8 {[%emt 0:00:01]} 26. Rd1 {[%emt 0:00:00]} Re2 {[%emt 0:03:39]} 27. a4 {[%emt 0:00:00]} Rb2 {[%emt 0:00:30]} 28. Rxd4 {[%emt 0:00:30]} Rxb3 {[%emt 0:00:20]} 29. Rd8+ {[%emt 0:00:30]} Kf7 {[%emt 0:00:30]} 30. Rd7+ {[%emt 0:00:00]} Kf6 {[%emt 0:00:51]} 31. Rxa7 {[%emt 0:00:00]} Rb1+ {[%emt 0:03:14]} 32. Kf2 {[%emt 0:00:30]} Rb2+ {[%emt 0:02:55]} 33. Kg3 {[%emt 0:00:30]} Ra2 {[%emt 0:00:35]} 34. h4 {[%emt 0:03:30]} Kg6 {[%emt 0:02:36]} 35. a5 {[%emt 0:18:30]} Ra4 {[%emt 0:01:19]} 36. a6 {[%emt 0:00:30]} f4+ {[%emt 0:01:48]} 37. Kh3 {[%emt 0:00:30]} h5 {[%emt 0:00:57]} 38. Ra8 {[%emt 0:01:30]} Ra1 {[%emt 0:01:45]} 39. Kh2 {[%emt 0:01:30]} Kh7 {[%emt 0:00:14]} 40. Ra7 {[%emt 0:00:00]} Kg6 {[%emt 0:01:11]} 41. Ra8 {[%emt 0:18:00]} Kh7 {[%emt 0:00:00]} 42. g3 {[%emt 0:01:30]} Ra2+ {[%emt 0:01:00]} 43. Kh3 {[%emt 0:00:00]} Ra3 {[%emt 0:00:30]} 44. a7 {[%emt 0:02:00]} fxg3 {[%emt 0:01:30]} 45. Kxg3 {[%emt 0:00:30]} Ra4 {[%emt 0:00:00]} 46. f4 {[%emt 0:00:30]} Ra3+ {[%emt 0:01:00]} 47. Kf2 {[%emt 0:00:30]} g6 {[%emt 0:05:30]} 48. Ke2 {[%emt 0:00:30]} Kg7 {[%emt 0:00:30]} 49. Kd2 {[%emt 0:00:00]} Kh7 {[%emt 0:00:30]} 50. Kc2 {[%emt 0:00:00]} Kg7 {[%emt 0:00:00]} 51. Kb2 {[%emt 0:00:30]} Ra6 {[%emt 0:00:00]} 52. Kb3 {[%emt 0:00:00]} Kh7 {[%emt 0:00:30]} 53. Kb4 {[%emt 0:00:00]} Kg7 {[%emt 0:00:30]} 54. Kc4 {[%emt 0:00:30]} Ra1 {[%emt 0:00:30]} 55. Kb5 {[%emt 0:00:30]} Rb1+ {[%emt 0:00:00]} 56. Kc6 {[%emt 0:00:30]} Rc1+ {[%emt 0:00:00]} 57. Kb6 {[%emt 0:00:00]} Rb1+ {[%emt 0:00:30]} 1/2-1/2

[Event "TUR-chT Superleague 2018"]
[Site "Ankara"]
[Date "2018.07.30"]
[Round "7"]
[White "Atakisi, Umut"]
[Black "Soysal, Serkan"]
[Result "0-1"]
[WhiteElo "2390"]
[BlackElo "2406"]
[Annotator "ChessBase"]
[PlyCount "138"]
[EventDate "2018.07.25"]
[EventType "team-tourn"]
[EventCountry "TUR"]
[SourceTitle "playchess.com"]
[Source "ChessBase"]
[SourceQuality "1"]
[TimeControl "40/5400+30:1800+30"]

1. e4 c5 2. Nf3 e6 3. g3 Nc6 4. Bg2 e5 5. O-O Nf6 6. Nc3 d6 7. d3 Be7 8. Bg5 O-O 9. Bxf6 Bxf6 10. Nd2 g6 11. Nc4 Bg7 12. a4 Nd4 13. Nd5 Be6 14. c3 Nc6 15. Nce3 Ne7 {[%emt 0:59:00]} 16. Nxe7+ {[%emt 1:06:00]} Qxe7 {[%emt 0:00:00]} 17. f4 {[%emt 0:00:30]} exf4 {[%emt 0:01:00]} 18. gxf4 {[%emt 0:00:30]} Rae8 {[%emt 0:03:30]} 19. f5 {[%emt 0:14:06]} Qg5 {[%emt 0:01:30]} 20. Rf3 {[%emt 0:01:40]} Bd7 {[%emt 0:06:30]} 21. Rg3 {[%emt 0:04:21]} Qf4 {[%emt 0:05:30]} 22. Rf3 {[%emt 0:01:00]} Qg5 {[%emt 0:03:30]} 23. Rg3 {[%emt 0:00:02]} Qd8 {[%emt 0:04:29]} 24. Qf1 {[%emt 0:00:33]} Bh6 {[%emt 0:00:36]} 25. Kh1 {[%emt 0:09:23]} Bxe3 {[%emt 0:04:59]} 26. Rxe3 {[%emt 0:00:05]} Bxf5 {[%emt 0:00:00]} 27. Qf4 {[%emt 0:00:46]} Qe7 {[%emt 0:00:54]} 28. Rae1 {[%emt 0:00:53]} Bd7 {[%emt 0:02:05]} 29. e5 {[%emt 0:01:14]} dxe5 {[%emt 0:00:30]} 30. Rxe5 {[%emt 0:00:30]} Qd6 {[%emt 0:00:00]} 31. Qg3 {[%emt 0:01:08]} Rxe5 {[%emt 0:01:13]} 32. Rxe5 {[%emt 0:00:31]} Bxa4 {[%emt 0:01:57]} 33. Bxb7 {[%emt 0:00:22]} Bc6+ {[%emt 0:04:12]} 34. Bxc6 {[%emt 0:00:04]} Qxc6+ {[%emt 0:00:00]} 35. Qg2 {[%emt 0:00:26]} Qd6 {[%emt 0:02:35]} 36. Qd5 {[%emt 0:01:25]} Qf6 {[%emt 0:01:02]} 37. Kg2 {[%emt 0:00:21]} Rb8 {[%emt 0:00:37]} 38. Re2 {[%emt 0:00:39]} Qb6 {[%emt 0:02:29]} 39. Re7 {[%emt 0:01:21]} Qxb2+ {[%emt 0:01:11]} 40. Kg3 {[%emt 0:00:00]} Rf8 {[%emt 0:01:11]} 41. Qxc5 {[%emt 0:01:40]} Qb8+ {[%emt 0:04:30]} 42. Qc7 {[%emt 0:02:30]} Qb5 {[%emt 0:02:30]} 43. c4 {[%emt 0:06:30]} Qf5 {[%emt 0:00:30]} 44. Qd7 {[%emt 0:01:30]} Qg5+ {[%emt 0:00:30]} 45. Kf3 {[%emt 0:00:30]} a5 {[%emt 0:06:30]} 46. Re8 {[%emt 0:01:30]} Qh5+ {[%emt 0:04:28]} 47. Ke3 {[%emt 0:01:40]} Qxh2 {[%emt 0:04:01]} 48. Rxf8+ {[%emt 0:02:28]} Kxf8 {[%emt 0:00:02]} 49. Qd8+ {[%emt 0:02:56]} Kg7 {[%emt 0:00:01]} 50. Qxa5 {[%emt 0:00:17]} Qg3+ {[%emt 0:01:52]} 51. Ke2 {[%emt 0:04:18]} Qg4+ {[%emt 0:01:18]} 52. Kd2 {[%emt 0:01:04]} Qf4+ {[%emt 0:01:10]} 53. Kc2 {[%emt 0:02:42]} Qf2+ {[%emt 0:00:55]} 54. Kb3 {[%emt 0:00:23]} Qd4 {[%emt 0:00:25]} 55. Kc2 {[%emt 0:01:30]} h5 {[%emt 0:02:15]} 56. c5 {[%emt 0:03:13]} Qe5 {[%emt 0:05:25]} 57. Qb6 {[%emt 0:02:11]} h4 {[%emt 0:00:33]} 58. c6 {[%emt 0:00:32]} h3 {[%emt 0:00:21]} 59. c7 {[%emt 0:00:46]} h2 {[%emt 0:00:29]} 60. Qc6 {[%emt 0:02:59]} Qe2+ {[%emt 0:01:02]} 61. Kc3 {[%emt 0:00:11]} Qe1+ {[%emt 0:00:34]} 62. Kc2 {[%emt 0:00:38]} Qe2+ {[%emt 0:00:54]} 63. Kc3 {[%emt 0:00:02]} Qe5+ {[%emt 0:00:27]} 64. d4 {[%emt 0:00:51]} Qe1+ {[%emt 0:00:30]} 65. Kc2 {[%emt 0:00:48]} h1=Q {[%emt 0:00:19]} 66. Qxh1 {[%emt 0:00:30]} Qxh1 {[%emt 0:00:30]} 67. c8=Q {[%emt 0:00:30]} Qe4+ {[%emt 0:00:30]} 68. Kc3 {[%emt 0:00:30]} Qe3+ {[%emt 0:00:00]} 69. Kc2 {[%emt 0:00:00]} Qxd4 {[%emt 0:00:00]} 0-1

[Event "TUR-chT Superleague 2018"]
[Site "Ankara"]
[Date "2018.07.30"]
[Round "7"]
[White "Koksal, Ege"]
[Black "Triapishko, Alexandr"]
[Result "1/2-1/2"]
[WhiteElo "2378"]
[BlackElo "2509"]
[Annotator "ChessBase"]
[PlyCount "84"]
[EventDate "2018.07.25"]
[EventType "team-tourn"]
[EventCountry "TUR"]
[SourceTitle "playchess.com"]
[Source "ChessBase"]
[SourceQuality "1"]
[TimeControl "40/5400+30:1800+30"]

1. d4 Nf6 2. Nf3 g6 3. g3 Bg7 4. Bg2 O-O 5. O-O d6 6. c4 Nc6 7. Nc3 a6 8. h3 Bd7 9. e4 e5 10. d5 Nd4 11. Be3 Qc8 12. Nxd4 exd4 13. Bxd4 Bxh3 14. e5 dxe5 15. Bxe5 c6 {[%emt 0:57:00]} 16. Qf3 {[%emt 1:07:00]} Bxg2 {[%emt 0:10:30]} 17. Kxg2 {[%emt 0:00:30]} Qg4 {[%emt 0:00:30]} 18. Qxg4 {[%emt 0:05:30]} Nxg4 {[%emt 0:00:30]} 19. Bxg7 {[%emt 0:00:30]} Kxg7 {[%emt 0:00:00]} 20. dxc6 {[%emt 0:00:00]} bxc6 {[%emt 0:11:00]} 21. Rad1 {[%emt 0:00:00]} Rad8 {[%emt 0:01:30]} 22. Ne4 {[%emt 0:01:30]} a5 {[%emt 0:04:20]} 23. Nc5 {[%emt 0:01:30]} Rfe8 {[%emt 0:04:21]} 24. Nb3 {[%emt 0:08:04]} a4 {[%emt 0:04:35]} 25. Na5 {[%emt 0:03:20]} h5 {[%emt 0:04:46]} 26. Nxc6 {[%emt 0:09:35]} Rxd1 {[%emt 0:00:30]} 27. Rxd1 {[%emt 0:00:30]} Re2 {[%emt 0:00:00]} 28. Rb1 {[%emt 0:00:00]} Rxf2+ {[%emt 0:00:54]} 29. Kg1 {[%emt 0:00:00]} Rf3 {[%emt 0:01:35]} 30. b4 {[%emt 0:01:45]} Rxg3+ {[%emt 0:02:55]} 31. Kh1 {[%emt 0:00:01]} h4 {[%emt 0:00:11]} 32. b5 {[%emt 0:01:23]} Nf2+ {[%emt 0:00:39]} 33. Kh2 {[%emt 0:00:30]} Ng4+ {[%emt 0:00:30]} 34. Kh1 {[%emt 0:00:00]} Rh3+ {[%emt 0:00:00]} 35. Kg1 {[%emt 0:00:19]} Rg3+ {[%emt 0:00:55]} 36. Kh1 {[%emt 0:00:02]} Nf2+ {[%emt 0:00:12]} 37. Kh2 {[%emt 0:00:30]} Ng4+ {[%emt 0:00:31]} 38. Kh1 {[%emt 0:00:00]} Rh3+ {[%emt 0:00:42]} 39. Kg1 {[%emt 0:00:00]} Rg3+ {[%emt 0:00:14]} 40. Kh1 {[%emt 0:00:00]} Nf2+ {[%emt 0:30:23]} 41. Kh2 {[%emt 0:00:01]} Ng4+ {[%emt 0:00:00]} 42. Kh1 {[%emt 0:00:30]} Nf2+ {[%emt 0:00:00]} 1/2-1/2